Photosynthesis

Αποθηκεύτηκε σε:
Λεπτομέρειες βιβλιογραφικής εγγραφής
Κύριοι συγγραφείς: Hall, David Oakley (Συγγραφέας), Rao, Krishna K (Συγγραφέας)
Μορφή: Βιβλίο
Γλώσσα:Αγγλικά
Έκδοση: Nueva York Cambridge University 1999
Έκδοση:6a. ed
Σειρά:Studies in Biology
Θέματα:
Ετικέτες: Προσθήκη ετικέτας
Δεν υπάρχουν, Καταχωρήστε ετικέτα πρώτοι!

MARC

LEADER 00000nam a2200000 a 4500
001 UCO5336
003 CL-VaPUC
008 000901e19990000US |||||||||||||||||eng|d
082 0 4 |a 581.13342  |b HAL  |2 21 
100 |a Hall, David Oakley  |e author  |9 450122 
700 0 |a Rao, Krishna K  |e author  |9 450123 
245 1 0 |a Photosynthesis 
250 |a 6a. ed 
300 |a 214 p 
942 |c BK 
945 |d 20000901 00:00:00  |a vberengu 
260 |a Nueva York  |b Cambridge University  |c 1999 
650 0 |a Fotosíntesis  |9 261610 
650 7 |a REACCIONES FOTOQUIMICAS  |2 CL-VaPUC  |9 358481 
583 |a last modification  |c 20000901 00:00:00  |k Rodrigo Vera 
490 0 |a Studies in Biology 
999 |c 291231  |d 291229 
952 |0 0  |1 0  |4 0  |6 581_133420000000000_HAL_1999  |7 0  |8 A  |9 341026  |a BIBAGR  |b BIBAGR  |d 2019-11-20  |i 3647129  |l 1  |m 1  |o 581.13342 HAL 1999  |p 3647129  |r 2025-01-20  |s 2021-11-17  |w 2019-11-20  |y BK  |k AGR